00622nam 22002173 4500001000700000021000700007100004100014101000800055102000700063200004800070205000800118210003300126215003100159225003300190300004700223606002600270675002500296700003600321801001800357830002900375202080 aPT a20241025d u||y0pory50 ba apor aPT aVagão «J»fVergílio Ferreiraeromance a2ª a[S.l.]cArcádia dimp.1974 a232 p.cencadernadod21 cm aObras de Vergílio Ferreira aContém dedicatória na folha de rosto  aLiteratura Portuguesa a821.134.3-3vPTzpor aFerreirabVergíliof1916-1996 aPTbBMMNgRPC cAna FalardofAna Falardo